Tradiciones peruanas : selecciones /

Guardado en:
Autor Principal: Palma, Ricardo
Formato: Libro
Publicado: Buenos Aires : Eudeba, 1967
Edición:2a. ed.
Series:Serie del Nuevo Mundo
Materias:
Etiquetas: Agregar Etiqueta
Sin Etiquetas, Sea el primero en etiquetar este registro!
LEADER 00706nam a22002175a 4500
001 CEM.cems004864
005 20100922091403.0
008 130507s1967##################000#0#####d
003 CEMS
082 0 4 |a Pe863.2 
100 1 |a Palma, Ricardo 
245 1 0 |a Tradiciones peruanas :  |b selecciones /  |c Ricardo Palma 
250 |a 2a. ed. 
260 |a Buenos Aires :  |b Eudeba,  |c 1967 
300 |a 126 p. 
490 0 |a Serie del Nuevo Mundo 
653 |a Literatura 
653 |a Literatura peruana 
859 |a CEMS  |b BIB. CEMS - 11 de abril  |h Pe863.2  |i P18-4a2  |p 8125.80  |t Ej.1 
859 |a CEMS  |b BIB. CEMS - 11 de abril  |h Pe863.2  |i P18-4a2  |p 8126.80  |t Ej.2 
859 |a CEMS  |b BIB. CEMS - 11 de abril  |h Pe863.2  |i P18-4a2  |p 8127.80  |t Ej.3